000 00713nam a2200241Ia 4500
001 3379
003 OSt
005 20240513132038.0
008 190827n ii |||gr||||Z||||||465
020 _a9789382624615
040 _cEnglish
082 _a954.126
100 _aReid, Robert .
245 0 _aHistory of the Frontier Areas Bordering on Assam from 1883-1941 /
_cRobert Reid.
_hTextual Documents
250 _a1st ed. /
260 _aShillong :
_bGovt of Assam ,
_c1942.
300 _a303p. :
_bill ;
_c24 cm. .
504 _aIndex
653 _aHistory ; Areas Bordering on Assam
653 _aG-History
653 _aHistory of the Frontier Areas Bordering on Assam from 1883-1941 /
942 _2ddc
_cBK
999 _c3367
_d3367